Normal view MARC view
  • Brakes

Entry Topical Term

Number of records used in: 2

001 - CONTROL NUMBER

  • control field: 44365

003 - CONTROL NUMBER IDENTIFIER

  • control field: NUST

005 - DATE AND TIME OF LATEST TRANSACTION

  • control field: 20210314132947.0

008 - FIXED-LENGTH DATA ELEMENTS

  • fixed length control field: 210314|| aca||aabn | a|a d

040 ## - CATALOGING SOURCE

  • Original cataloging agency: NUST
  • Transcribing agency: NUST

150 ## - HEADING--TOPICAL TERM

  • Topical term or geographic name entry element: Brakes

670 ## - SOURCE DATA FOUND

  • Source citation: Work cat.: (NUST): Platt, Maurice. 44363, Automobile brakes and brake testing;, 1938.
© 2023 Central Library, National University of Sciences and Technology. All Rights Reserved.